• 首页
  • 本馆介绍
  • 公告通知
  • 最新文献
  • 馆藏检索
  • 电子资源
  • 读者导购
  • 参考咨询
  • 我的图书馆
  • 登录
  • 详细信息显示
  • 放入我的书架
  • 预约/预借图书
  • 作者相关作品
  • 分类相关作品
  • 丛书相关作品
  • 出版社相关作品

书目信息

  • 表格格式
  • 工作单格式
  • 卡片格式
题名:
国民革命军北伐亲历记
    
 
作者: ;全国政协文史和学习委员会 编
分册:  
出版信息: 北京   中国文史出版社  2017.02
页数: 313页
开本: 24cm
丛书名: 文史资料百部经典文库
单 册:
中图分类: E296.91
科图分类:
主题词:
电子资源:
ISBN: 978-7-5034-7660-0
000 01224nam 2200289 450
001 CAL 0120172101606
005 20171211152414.65
010    @a978-7-5034-7660-0@b@dCNY39.80
100    @a20170210d2017 em y0chiy50 ea
101 0  @achi
102    @aCN@b110000
105    @ab z 000yy
106    @ar
200 1  @a国民革命军北伐亲历记@Aguo min ge ming jun bei fa qin li ji@f全国政协文史和学习委员会编@g
210    @a北京@c中国文史出版社@d2017.02
215    @a313页@c地图@d24cm
225 2  @a文史资料百部经典文库@Awen shi zi liao bai bu jing dian wen ku
225 2  @a百年中国记忆@Abai nian zhong guo ji yi
330    @a本书以反映国共合作时期的北伐战争为主要内容, 共收入聂荣臻、李宗仁、唐生智、陶峙岳、白崇禧、周士第、陈长捷等国共两党重要人物讲述自身参加北伐经历的文章44篇。分别以两湖战场、江西战场、东战场、北战场、二次北伐及附录等部分进行了叙述。
410  0 @12001 @a文史资料百部经典文库
410  0 @12001 @a百年中国记忆
601 02 @a国民革命军@Aguo min ge ming jun@x第一次国内革命战争@j史料
690    @aE296.91@v5
711 02 @a全国政协文史和学习委员会@Aquan guo zheng xie wen shi he xue xi wei yuan hui@4编
801  0 @aCN@b人天书店@c20170210@g
905    @aBZT@dE296.91@e2
906    @dCNY39.80@n3@r1
    
    国民革命军北伐亲历记/全国政协文史和学习委员会编.-北京:中国文史出版社,2017.02
    313页:地图;24cm.-(文史资料百部经典文库).-(百年中国记忆)
    
    
    ISBN 978-7-5034-7660-0:CNY39.80
    本书以反映国共合作时期的北伐战争为主要内容, 共收入聂荣臻、李宗仁、唐生智、陶峙岳、白崇禧、周士第、陈长捷等国共两党重要人物讲述自身参加北伐经历的文章44篇。分别以两湖战场、江西战场、东战场、北战场、二次北伐及附录等部分进行了叙述。
●
相关链接 在五车中查询图书 在当当中查询图书 在豆瓣中查询图书


正题名:国民革命军北伐亲历记     索取号:E296.91/2         预约/预借

序号 登录号 条形码 馆藏地/架位号 状态 备注
1 835184   2000835184   第二书库/ [索取号:E296.91/2] 在馆    
2 835185   2000835185   思政阅览室/思1架B面3层3列/ [索取号:E296.91/2] 在馆    
3 835186   2000835186   第二书库/ [索取号:E296.91/2] 在馆    
山东省滨州职业学院图书馆 欢迎您!
大连网信软件有限公司© 版权所有